000 00610nam a2200241Ia 4500
003 OSt
005 20221005114007.0
006 a|||||r|||| 00| 0
007 ta
008 221004b |||||||| |||| 00| 0 eng d
024 _a72979
037 _cTextual
040 _aCRL
_cCRL
_beng
041 _2eng
_aeng
082 _aO111,1M88,CP:g, L2
100 _aSena Vinod
245 0 _aAmbivalence of the cocktail party
260 _c1972
300 _a392-404p
_ccm.
650 _aENGLISH LITERATURE
942 _hO111,1M88,CP:g, L2
_cTEXL
_2cc
999 _c1029965
_d1029965